| 000 | 00793nam a2200217 a 4500 | ||
|---|---|---|---|
| 001 | 000048946 | ||
| 005 | 20240412074307.0 | ||
| 008 | 190507s2017 dr a r 000 0 spa d | ||
| 020 | _a9789945906516 | ||
| 040 |
_aDO-SdBNP _bspa _cBNPHU |
||
| 082 |
_aRD861.44 _bO88d |
||
| 245 | 0 | 0 |
_aOtro día los cerezos : _bsegunda antología del taller virtual de jaikus contemporáneos del TCLEC / _ctaller y selección Alexis Peña. |
| 260 |
_aSanto Domingo : _bLetra Erguida, _c2017. |
||
| 300 |
_a209 p. : _bil., ; _c16 cm. |
||
| 500 | _aIncluye datos biográficos del autor en la solapa de la cubierta | ||
| 590 | _aInventariado, 2019/MFF | ||
| 650 | 0 |
_aPoesía dominicana _966 |
|
| 650 | 0 |
_aLiteratura dominicana. _967 |
|
| 700 | 1 |
_aPeña, Alexis, _95700 |
|
| 910 | _aValidado. Control de calidad MFF | ||
| 999 |
_c48434 _d48434 |
||